Logos de Marques Contenant le Nom de la Marque par Images - Statistiques

Statistiques générales
  • Ce quiz a été pris 153 fois
  • Le résultat moyen est 17 sur 18
Statistiques - réponses
Par images Réponse % Correct
Nintendo
100%
Coca Cola
98%
Disney
98%
Dior
97%
Evian
97%
Fiat
97%
Fortnite
97%
Ikea
97%
Lego
97%
Mars
97%
Panzani
97%
Asus
96%
Bugatti
95%
Fnac
95%
Pokémon
95%
Bridgestone
94%
Tommy Jeans
94%
Chabrand
91%
Aucun quiz correspondant
Distribution des résultats
% des personnes avec chaque résultat
Percentile par nombre de réponses
Votre historique - résultats
Vous n’avez pas pris ce quiz